000 00395nam a2200157Ia 4500
008 230917s9999||||xx |||||||||||||| ||und||
040 _e178808
_aMAIN
041 _aEnglish
082 _a320.072 J199R
100 _aJain, B M
245 0 _aResearch methodology
250 _a2nd ed.
260 _aNew Delhi
_bResearch Publiations in Social Sciences
_c1977
300 _a260 p.
942 _cBK
999 _c231893
_d231893